000 004670000a22001810004500
003 MACL
005 20151027120350.0
008 151027b xxu||||| |||| 00| 0 eng d
040 _aMACL
_cMACL
041 _aEnglish
082 _a954/RHO
100 _aRhodes,N. G.
_916878
245 _aA History Of The DimasaL̜acharis
_bAs Seen Through Coinage
260 _bN.G. Rhodes
_c2006
_aKolakta
350 _a350
650 _aIdian History
_916879
942 _cBK
_k954
_2ddc
999 _c2451
_d2451